| 000 | 00706aam a2200277 4500 | ||
|---|---|---|---|
| 005 | 20230627155843.0 | ||
| 008 | 150408b1999 xxu||||| |||| 00| 0 spa d | ||
| 041 | _aESP | ||
| 082 | _a005.13 L549a | ||
| 100 |
_aLemay, Laura _981358 |
||
| 245 | _aAprendiendo Java 2 en 21 días | ||
| 260 | _aMéxico | ||
| 260 | _bPrentice-Hall | ||
| 260 | _c1999 | ||
| 300 | _a640 páginas | ||
| 650 |
_aJAVA 2 _981359 |
||
| 650 |
_aLENGUAJE DE PROGRAMACIÓN _981360 |
||
| 650 |
_aPROGRAMACIÓN ORIENTADA A OBJETOS _981361 |
||
| 650 |
_aCLASES _981362 |
||
| 650 |
_aWEB _981363 |
||
| 650 |
_aAPPLET _981364 |
||
| 650 |
_aAWT _981365 |
||
| 650 |
_aINTERNET _981366 |
||
| 650 |
_aJAVA BEANS _981367 |
||
| 942 | _cBK | ||
| 999 |
_c4339 _d4339 |
||